Statistieken voor Among Us - Modulaire rollen

Klik hier om de quiz te nemen!

Algemene statistieken

  • Deze quiz is 2 keer genomen
  • De gemiddelde score is 12 van 66

Antwoordstatistieken

I/C/NUitlegModulaire rol% Correct
CKan de doodsoorzaken van alle doden zienDoctor
100%
NMoet proberen om er worden uitgegooid tijdens een meetingJester
100%
CDeze persoon lijkt voor de imposters op een extra imposter, maar is een gewone crewmateSpy
100%
CAls deze persoon wordt gedood, wordt het lichaam meteen gereportBait
50%
IKrijgt een doelwit dat moet worden vermoord{Bounty} Hunter
50%
CKan alle voetstappen van andere spelers zienDetective | Investigator
50%
CKan ook de vents gebruikenEngineer
50%
IKan mensen eruit gooien als de rol juist wordt geradenEvil {Guesser}
50%
NMoet proberen iedereen te doden en als enige over te blijvenGlitch | Jackal
50%
CKan nog levende spelers beschermen tegen een mogelijke moord{Guardian} Angel
50%
NDeze twee personen hebben een intieme band, als de ene sterft, sterft de andere ookLover
50%
CKan een speler onsterfelijk maken voor één rondeMedic
50%
CKan mensen eruit gooien als de rol juist wordt geradenNice {Guesser}
50%
CKan nieuwe camera's plaatsen en vents dichtschroeven{Security} Guard
50%
IGaat zelf door als hij enige tijd geen andere mensen heeft gedood{Serial} Killer
50%
IKan voor even van gedaante verwisselenShapeshifter
50%
CKan raden wie een imposter is door personen te doden. Als ze fout zijn, gaan ze zelf dood.Sherrif
50%
CAls deze persoon al zijn taken volbrengt, komt hij te weten wie de imposters zijnSnitch
50%
IKan andere spelers bijten, zij sterven na enige tijdVampire
50%
IKan spelers vervloeken, zij sterven na de eerstvolgende meetingWitch
50%
CHeeft de mogelijkheid om doden opnieuw tot leven te wekkenAltruist
0%
NKan andere spelers betoveren, als iedereen betovert is, dan wint deze persoonArsonist
0%
IDoor de rol van crewmates te raden in meetings, kan deze persoon extra mensen doden. Als ze fout zijn, gaan ze zelf dood.Assassin
0%
IKan alle spelers kort veranderen in dezelfde kleurCamouflager
0%
IKan lijken opruimenCleaner
0%
CVerplicht sommige spelers ertoe op 1 bepaald iemand te stemmenDictator
0%
NMoet ervoor zorgen dat alle imposters er worden uitgegooid, zonder zelf dood te gaanEgoist
0%
IKan rollen van anderen uitwissenEraser
0%
IKlein kind dat de imposters helptEvil {Mini}
0%
NMoet proberen om één aangeduide speler uit het spel gestemd te krijgenExecutioner
0%
IKan bommen plaatsen die, als ze worden afgestoken, iedereen in de radius dodenFirework
0%
INormale imposter die verhindert dat anderen kunnen dodenGodfather
0%
CKrijgt meer informatie van de Admin Desk en VitalsHacker
0%
IKan lijken verbergen en opruimenJanitor
0%
NKrijgt een 'cliënt' toegewezen, als deze het spel wint, wint deze persoon ookLawyer
0%
CKan een lampje laten branden waardoor zijn eigen zichtbaarheid vergrootLighter
0%
IIs bij het team van de imposters, maar is een crew en kan dus niet doden{Mad} Mate
0%
IKan pas beginnen met doden als zijn vader dood isMafioso
0%
IKan sneller bewegen als de lichten uitzijn en krijgt ook een lagere kill cooldownMare
0%
CKan stemmen sparen om ze later allemaal op één iemand te gebruikenMayor
0%
CKan de doden om informatie vragenMedium
0%
IDoor samples te nemen van anderen kan deze ook van gedaante veranderenMorphling
0%
CKlein kind dat de crewmates helptNice {Mini}
0%
IKrijgt speciale krachten die sneller zijn dan hun schaduwNinja
0%
NMoet ervoor zorgen dat hij het einde van het spel haalt, hoe er ook gewonnen wordtOpportunist | Persuer
0%
NWordt half zichtbaar als hij sterft en moet proberen zijn overige tasks te volbrengen om te winnenPhantom
0%
IKan targets plaatsen die de eerste die in de buurt komt vermoordenPuppeteer
0%
CKan heel snel alle sabotages makenSabotage {Master}
0%
CKan op elk moment Vitals checkenScientist
0%
CKan geesten nog even zien en krijgt een melding wanneer er iemand sterftSeer
0%
CKan rollen van andere crewmates overnemen zonder dat deze stervenShifter
0%
NKan de rechterhand worden van enkele rollenSidekick
0%
IDood de dichtstbijzijnde speler, hoe ver ze ook zijnSniper
0%
CAls deze persoon al zijn taken heeft volbracht, verhoogt de snelheid van de overgebleven spelersSpeed {Booster}
0%
CKan stemmen van twee personen wisselenSwapper
0%
IKan enkele seconden onzichtbaar wordenSwooper
0%
NWint als hij pas dood gaat nadat hij al zijn taken heeft volbrachtTerrorist
0%
CKan terug in de tijd gaanTime {Master} | Time {Lord}
0%
IKan tijd van de meeting stelen per moordTime {Thief}
0%
CKan één speler selecteren om te volgen zonder erbij in de buurt te blijvenTracker
0%
CWanneer je vermoord wordt, wordt de imposter bevroren voor enkele secondenTrapper
0%
IKan drie nieuwe vents plaatsen en kan ook de zichtbaarheid beperkenTrickster
0%
IAls ze de enige overgebleven imposter zijn, wordt de kill cooldown verminderdUnder{dog}
0%
IKan lijken verplaatsenUnder{taker}
0%
NMoet enkele lijken opeten om te winnenVulture
0%
IKan een speler vervloeken waardoor die iemand anders doodtWarlock
0%

Scoreverdeling

Percentiel versus Aantal Correcte Antwoorden

Procent van Mensen met Elke Score

Uw Scoregeschiedenis

U heeft deze quiz nog niet genomen